Chansons de K-pop contenant le mot "I" - Statistiques

Statistiques générales
  • Ce quiz a été pris 86 fois
  • Le résultat moyen est 8 sur 16
Statistiques - réponses
Hint Réponse % Correct
I'll See You There Tomorrow Tomorrow x Together
73%
I Am The Best 2NE1
69%
I Need U BTS
66%
0x1=LOVESONG (I Know I Love You) Tomorrow x Together
66%
Sorry, I Love You Stray Kids
62%
I CAN'T STOP ME TWICE
62%
I am YOU Stray Kids
53%
I Like It Stray Kids
53%
I'm Fine BTS
42%
Fireworks (I'm The One) ATEEZ
41%
I GOT YOU TWICE
36%
What if I had been that PUMA Tomorrow x Together
35%
The Killa (I Belong to You) Tomorrow x Together
34%
WDIG (Where Do I Go) ATEEZ
28%
Feeling Like I Do ATEEZ
24%
Yes I Am Mamamoo
16%
Aucun quiz correspondant
Distribution des résultats
% des personnes avec chaque résultat
Percentile par nombre de réponses
Votre historique - résultats
Vous n’avez pas pris ce quiz